Распоряжение ГКО СССР № 5291 с о поставке Наркоматом внешней торговли Наркомату внутренних дел для Донских хромитовых рудников и...

RUSMARC
00005038cbm0a2200313#x 450
0010becc1f7-a69f-43ee-aea0-dd91e3c016d6
00520250904164813.0
100##$a20250904j19440305k###0rusy50 ca
1010#$arus
102##$aRU
105##$ay###z########
1220#$ad19440305##
2001#$aРаспоряжение ГКО СССР № 5291 с о поставке Наркоматом внешней торговли Наркомату внутренних дел для Донских хромитовых рудников импортных материалов и оборудования, с приложением ведомостей материалов и оборудования
$j5 марта 1944 г.
251##$cДокумент
300##$aРассылочный и подлинный экземпляры
461#0$12001
$aФ. 644
$1251
$cФонд
$1852
$j644
462#0$12001
$aОп. 1
$1251
$cОпись
$1852
$j1
60101$2nlr_sh
$3RU\NLR\AUTH\661357732
$aСССР
$bГосударственный Комитет Обороны
$jДокументы и материалы
605##$2prlib_sh
$3LIBNET\UAF\0000088514
$aВторая мировая война в архивных документах (Комплекс оцифрованных архивных документов, кино- и фотоматериалов)
$lколлекция
6061#$2nlr_sh
$3RU\NLR\AUTH\661323374
$aПромышленность
$xИстория
$yСССР
$z1941 - 1945
$jДокументы и материалы
6061#$2nlr_sh1
$3RU\NLR\AUTH\661166222
$aХромитовые руды
$xМесторождения
$yКазахская ССР
$jДокументы и материалы
6061#$2nlr_sh
$3RU\NLR\AUTH\66188686
$aВеликая Отечественная война
$z1941 - 1945
$yКазахская ССР
$jДокументы и материалы
686##$a63.3(2)622,13ю11
$vLBC/M
$2rubbk
686##$a65.03(2)6ю11
$vLBC/M
$2rubbk
801#0$aRU
$bПБ им. Б.Н. Ельцина
$c20250904
801#1$aRU
$bПБ им. Б.Н. Ельцина
$c20250904
$2rusmarc
801#2$aRU
$bПБ им. Б.Н. Ельцина
$c20250904
$2rusmarc
850##$aРоссийский государственный архив социально-политической истории
852##$aРГАСПИ
$jД. 215. Л. 49-54; Оп. 2. Д. 291. Л. 58-63
035##$aLIBNET\0001496315
937##$d197655473
$hФедеральное архивное агентство
8564#$uhttp://readingroom.main.prlib.ru/item.aspx?id_node=n197655473&mode=full
Формат отображения